000 01581 a2200253 4500
001 27284
005 20260407155549.0
008 260407a1995 arg spa d
003 AR-UNSa-BCEJYS
040 _aAR-UNSa-BCEJYS
_bspa
_cAR-UNSa-BCEJYS
080 _a658.5
_xPlanificación y control de la producción
245 1 0 _aDirección de operaciones
_paspectos estratégicos en la producción y los servicios
020 _a84-481-1848-0
264 1 _aMadrid :
_bMcGraw-Hill
_c1995
300 _axxvi, 482 p.
_c25 cm.
505 _aParte I: Introducción: 1. El sistema empresa y el subsistema de operaciones - 2. La problemática de la Dirección de operaciones - 3. La estrategía de operaciones - 4. Parte II: El diseño del subsistema de operaciones - 5. La selección y diseño del proceso - 6. Diseño, medición y compensación del trabajo - 7. La decisión de capacidad a largo plazo - 8. Las decisiones de localización - 9. La distribución en planta - Parte II: Métodos operativos - Parte III: Nuevos desarrollos en el subsistema de operaciones : 10. La automatización integrada de la fabricación y de los servicios - 11. Las nuevas tecnologías de fabricación y el diseño del subsistema productivo - 12. La gestión de la tecnología - 13. La globalización de las operaciones.
942 _cBK
590 _aniveau_biblio:m niveau_hierar:0
100 1 _aDominguez Machuca, José Antonio
700 1 _aAlvarez Gil, María José
700 1 _aDomínguez Machuca, Miguel Angel
700 1 _aGarcia González, Santiago
700 1 _aRuíz Jiménez, Antonio
999 _c1572
_d1572